Thüringen - KFZ Kennzeichen - Statistiken

Allgemein
  • Dieses Quiz wurde 317 mal gespielt
    197 seit der letzten Aktualisierung
  • Das Durchschnittsergebnis liegt bei 22 aus 33
Antwortstatistiken
code city % Korrekt
EF Erfurt
97%
J Jena
97%
G Gera
96%
EA Eisenach
92%
GTH Gotha
92%
IL Ilmenau
92%
APD Apolda
91%
GRZ Greiz
91%
SÖM Sömmerda
90%
NDH Nordhausen
88%
SON Sonneberg
87%
WE Weimar
86%
EIC Eichsfeld
84%
ARN Arnstadt
82%
MHL Mühlhausen
78%
RU Rudolstadt
77%
SHL Suhl
77%
ABG Altenburg
76%
HBN Hildburghausen
68%
SDH Sondershausen
62%
SCZ Schleiz
53%
ART Artern
52%
LSZ Bad Langensalza
52%
SLZ Bad Salzungen
46%
WBS Worbis
45%
ZR Zeulenroda
45%
PN Pößneck
42%
EIS Eisenberg
41%
HIG Heiligenstadt
40%
LBS Bad Lobenstein
33%
NH Neuhaus
33%
SRO Stadtroda
30%
SLN Schmölln
28%
Keine übereinstimmenden Quizze gefunden
Verteilung der Resultate
Anzahl Personen mit jedem Resultat
Perzentil nach korrekt beantworteten Fragen
Ihre Resultats-Entwicklung
Sie haben dieses Quiz seit der letzten Aktualisierung nicht gespielt